1746 1270 1925 1703 1997 1839 1784 1341 1819 1249 1483 1975 1459 1827 1568 1554 1484 1520 1642 1679 1069 1290 1969 1584 1743 1614 1259 1927 1229 1975 1983 1111 1352 1876 1854 1634 1072 1777 1556 1828 1194 1524 1030 1171 1203 1058 1674 1652 1801 1020 1082 1577 1578 1195 1715 1433 1465 1362 1407 1756 1679 1796 1983 1379 1976 1438 1053 1212 1369 1766 1430 1993 1156 1390 1889 1174 1959 1920 1418 1725 1698 1452 1177 1383 1072 1630 1348 1398 1977 1067 1934 1432 1210 1835 1649 1022 1722 1098 1138 BCNSPRNW ULIB Ver.6.0+V

เปลี่ยนเป็นภาษาไทย

Change to English
 แสดงรายละเอียดบรรณานุกรม
  กลับหน้าหลัก

Brief Record : Get Marc (ISO 2709) : E-mail record : QR code < ปิดหน้าต่าง
LEADER : 00000nam 2200000uu 4500
001    13399121009
003     ULIB
008    020711s2548 th a 000 0 tha d
020    9789746114578(ล1)
020    9746114573(ล.2)
050  4 HG4515^bส719ก
110    มหาวิทยาลัยสุโขทัยธรรมาธิราช.^bสาขาวิทยาการจัดการ
245    การลงทุน หน่วยที่1-6/^cมหาวิทยาลัยสุโขทัยธรรมาธิราช
250    พิมพ์ครั้งที่ 13
260    นนทบุรี :^bมหาวิทยาลัยสุโขทัยธรรมาธิราช.,^c2548
650    การลงทุน
945    ^p0^l0^i24392
945    ^p0^l0^i24393
999    ^aทศพร เกษรทอง
รายการนี้ยังไม่มีแท็ก
คุณยังไม่ได้ล็อกอิน คุณสามารถมีกิจกรรมร่วมกับเว็บไซต์ได้ แต่ต้องล็อกอินก่อน ::
  ล็อกอิน

รายการสื่อสารสนเทศ

ลำดับที่ ประเภท เลขเรียก/บาร์โค้ด สถานที่ สถานะ
1. วิทยาศาสตร์การแพทย์ และสุขภาพ
วิทยาศาสตร์การแพทย์ และสุขภาพ
HG4515 ส719ก ฉ.1 
  Barcode: 24392
ห้องสมุดวิทยาเขตสวรรค์ประชารักษ์
►หนังสือทั่วไป
บนชั้น
2. วิทยาศาสตร์การแพทย์ และสุขภาพ
วิทยาศาสตร์การแพทย์ และสุขภาพ
HG4515 ส719ก ฉ.2 
  Barcode: 24393
ห้องสมุดวิทยาเขตสวรรค์ประชารักษ์
►หนังสือทั่วไป
บนชั้น

รายการใกล้เคียง
    หัวเรื่อง [การลงทุน]

BibComment


ยังไม่เคยถูกคอมเมนท์

คอมเมนท์ทรัพยากรรายการนี้
  คอมเมนท์: การลงทุน หน่วยที่..


 Copyright 2026. Bcnsprnw @Library